000 01258naa a22003377a 4500
001 BR7603997
003 BR-BrBNA
005 20240918173914.0
007 ta
008 230509b bl.||||| |||| 00| 0 por d
040 _aBR-BrBNA
_bpor
_cBiblioteca Nacional de Agricultura
041 _a(Pt)
072 _aH60
_b1030
_b3876
_bG514
090 _aH60 BR7603997
100 1 _aVieira, G.
100 1 _aSilva, L.M.S. da
100 1 _aTrindade, J.
111 1 _a3. Congresso Brasileiro de Fruticultura
_cRio de Janeiro, RJ (Brazil)
_d14 Jul 1975
245 1 _aCompeticao de herbicidas em viveiro citrico em espacamento fila-dupla [Citrus limonia, erva daninha, controle quimico, Sergipe, Brasil]
_bdados preliminares
260 3 _aCampinas, SP (Brasil):
_c1976.
500 _aAnais do 3. Congresso Brasileiro de Fruticultura Campinas, SP (Brasil): 1976. v. 1 p. 109-115 (BR7603997-AM)H60
650 _aLIMAO CRAVO
650 _aERVA DANINHA
650 _aHERBICIDA
650 _aCONTROLE QUIMICO
650 _aANALISE QUANTITATIVA
650 _aSERGIPE
773 0 _tAnais do 3. Congresso Brasileiro de Fruticultura
_wH60 BR7603997
_gCampinas, SP (Brasil), 1976. v. 1 p. 109-115
909 _a202404
_bLucia
_c55
_dLucia Elande
942 _cAM
_2AGRIS
999 _c307613
_d307613